02287nam a2200337 i 450000100090000000300060000900500170001500600190003200700150005100800410006602000180010703900120012504000340013704100080017105000240017924501160020325000190031926000680033830000830040650000730048952010430056263000380160565000540164370000360169770000340173370000320176770000310179994200080183095200960183899900150193410633868CaAEU20260513135217.0m o d cr cn|||||||||211105s2025||||enk o ||1 0|eng|d a9781009216074 aexclude aUkCbUPbengerdacUkCbUPdAEU aeng00aHD30.28b.C348 202500aCambridge handbook of strategy as practicec/ edited by Damon Golsorkhi, Linda Rouleau, David Seidl, Ero Vaara. aThird edition. aCambridge ;aNew York, NY :bCambridge University Press,c2025. axviii, 810 pages :billustrations, charts, tables (black and white) ;c25 cm.  aTitle from publisher's bibliographic system (viewed on 17 Mar 2025). aNow in its third edition, this Handbook is essential for students and researchers in Strategic Management and Organizational Theory and Behaviour. The Strategy as Practice approach moves away from the disembodied and asocial study of firm assets, technologies and practices, towards the study of strategizing as an activity. Strategy is understood as something people do rather than something a firm has. This perspective explores how strategizing contributes to an organizations' daily operations at all levels. Through detailed empirical studies of the everyday activities and practice of people engaged in strategizing, the Handbook investigates who strategists are, what strategists do, how they do it, and what the consequences of their actions are. Featuring new authors and additional or fundamentally updated and revised chapters, this edition provides a state-of-the-art overview of recent reflections and works in this rapidly growing stream of strategic management, whilst also presenting a research agenda for the next decade. 0aMSc International Business926977 0aStrategic planningvHandbooks, manuals etc.96970 aGolsorkhi, Damoneeditor913096 aRouleau, Lindaeeditor913097 aSeidl, Davideeditor913098 aVaara, Eeroeeditor913095 2lcc 00102lcc4070aTBSbTBSd2025-09-29l0oHD30.28 GOLpB07608r2025-09-29t1w2025-09-29y1 c4983d4983